Подробности
| 000 -МАРКЕР |
| контрольное поле |
01301nam2a22002291 4500 |
| 001 - ИДЕНТИФИКАТОР ЗАПИСИ |
| контрольное поле |
rc\514955 |
| 005 - ИДЕНТИФИКАТОР ВЕРСИИ |
| контрольное поле |
20250621232538.0 |
| 035 ## - ДРУГИЕ СИСТЕМНЫЕ НОМЕРА |
| Идентификатор записи |
(NLR Aleph) 005975926 |
| 100 ## - ДАННЫЕ ОБЩЕЙ ОБРАБОТКИ |
| Данные общей обработки |
20070321d1988 |||y0rusy50 ca |
| 101 0# - ЯЗЫК РЕСУРСА |
| Язык текста, звукозаписи и т.д. |
русский |
| 102 ## - СТРАНА ПУБЛИКАЦИИ ИЛИ ПРОИЗВОДСТВА |
| Страна публикации |
Российская Федерация |
| 105 ## - ПОЛЕ КОДИРОВАННЫХ ДАННЫХ: ТЕКСТОВЫЕ МАТЕРИАЛЫ, МОНОГРАФИЧЕСКИЕ |
| Кодированные данные о монографическом текстовом документе |
y ||||||||| |
| 200 0# - ЗАГЛАВИЕ И СВЕДЕНИЯ ОБ ОТВЕТСТВЕННОСТИ |
| Основное заглавие |
1908 год: [В 6 вып., вып. 6] |
| Первые сведения об ответственности |
Отв. сост. Б.Д. Гальперина, В.В. Шелохаев |
| Последующие сведения об ответственности |
[Авт. коммент. С.С. Агапин и др.] |
| 210 ## - ПУБЛИКАЦИЯ, РАСПРОСТРАНЕНИЕ И ДР. |
| Дата издания, распространения и т.д. |
1988 |
| Место издания, распространения и т.д. |
Б. м. |
| 215 ## - ФИЗИЧЕСКАЯ ХАРАКТЕРИСТИКА |
| Специфическое обозначение материала и объем |
1105-1291, [4] с. |
| 461 #0 - УРОВЕНЬ НАБОРА |
| Встроенное поле |
001rc\1189161 |
| -- |
2001#$aОсобые журналы Совета министров царской России, 1906-1917 гг.$eПубликация$f[АН СССР, Ин-т истории СССР и др.]$gРедкол.: В.И. Бовыкин (отв. ред.) и др.$v1908 год: [В 6 вып., вып. 6] |
| Системный номер (АБИС) связанной записи |
6960814 |
| Автор |
Россия. Совет министров |
| Место публикации |
М. |
| Дата публикации |
1982 |
| Первые сведения об ответственности |
[АН СССР, Ин-т истории СССР и др.] |
| Имя издателя, распространителя и т.д. |
Ин-т истории |
| Сведения, относящиеся к заглавию |
Публикация |
| Заглавие |
Особые журналы Совета министров царской России, 1906-1917 гг. |
| Номер тома |
1908 год: [В 6 вып., вып. 6] |
| 801 #0 - ИСТОЧНИК ЗАПИСИ |
| Страна |
Российская Федерация |
| Организация |
NLR |
| Правила каталогизации |
psbo |
| 801 #1 - ИСТОЧНИК ЗАПИСИ |
| Страна |
Российская Федерация |
| Организация |
ELAR |
| Источник данных |
rusmarc |
| 852 ## - МЕСТОНАХОЖДЕНИЕ И ШИФР ХРАНЕНИЯ |
| Идентификатор организации |
NLR |
| Шифр хранения (Call Number) |
88-8/1632 |
| 942 ## - ДОПОЛНИТЕЛЬНЫЕ ЭЛЕМЕНТЫ ЗАПИСИ (АБИС) |
| Тип экземпляра АБИС |
Книга |
| 980 ## - КОЛЛЕКЦИЯ |
| Название коллекции |
Национальная библиография |